<?xml version="1.0" encoding="UTF-8"?>
<collection xmlns="http://www.loc.gov/MARC21/slim">
 <record>
  <leader>02042nam a2200349 a 4500</leader>
  <controlfield tag="001">TVCDKTCT535</controlfield>
  <controlfield tag="003">Thư viện trường Cao đẳng Kỹ thuật Cao Thắng</controlfield>
  <controlfield tag="005">20050802000000</controlfield>
  <controlfield tag="008">050802</controlfield>
  <datafield tag="980" ind1="\" ind2="\">
   <subfield code="a">Thư viện Trường CĐ Kỹ Thuật Cao Thắng</subfield>
  </datafield>
  <datafield tag="024" ind1=" " ind2=" ">
   <subfield code="a">RG_1 #1 eb0 i1</subfield>
  </datafield>
  <datafield tag="041" ind1="0" ind2="#">
   <subfield code="a">vie</subfield>
  </datafield>
  <datafield tag="082" ind1="#" ind2="#">
   <subfield code="a">540.1 / </subfield>
   <subfield code="b">NG527C-t</subfield>
  </datafield>
  <datafield tag="100" ind1="1" ind2="#">
   <subfield code="a">Nguyễn Đình Chi, </subfield>
   <subfield code="e">Người dịch</subfield>
  </datafield>
  <datafield tag="245" ind1="0" ind2="0">
   <subfield code="a">Từ nguyên tử đến sự sống /</subfield>
   <subfield code="c">Nguyễn Đình Chi</subfield>
  </datafield>
  <datafield tag="250" ind1="#" ind2="#">
   <subfield code="a">In lần thứ 1</subfield>
  </datafield>
  <datafield tag="260" ind1="#" ind2="#">
   <subfield code="a">H. :</subfield>
   <subfield code="b">Khoa học và kỹ thuật ,</subfield>
   <subfield code="c">1970</subfield>
  </datafield>
  <datafield tag="300" ind1="#" ind2="#">
   <subfield code="a">239tr. ;</subfield>
   <subfield code="c">19cm</subfield>
  </datafield>
  <datafield tag="520" ind1="#" ind2="#">
   <subfield code="a">Đây là cuốn sách viết  cho những người mà trong cuộc sống hằng ngày đã từng băn khoăn tự hỏi :Các vật thể chung quanh chúng ta là gì?Than và sắt  giống nhau ở chỗ nào và khác nhau ở chỗ nào ?Tại sao đá có thể biến thành vôi ,ngọn đèn dầu hỏa có thể cháy sáng ,và ét-xăng lại làm cho chiếc ôtô chuyển động ?Tại sao con người phải thở và từ những mầm non có thể mọc thành những cây cao to lớn ?</subfield>
  </datafield>
  <datafield tag="520" ind1="#" ind2="#">
   <subfield code="a">Nôi dung gồm 9 chương:</subfield>
  </datafield>
  <datafield tag="520" ind1="#" ind2="#">
   <subfield code="a">Chướng 1:Nguyên tử và phân tử </subfield>
  </datafield>
  <datafield tag="520" ind1="#" ind2="#">
   <subfield code="a">Chương 2:Cấu tạo của nguyên tử và phân tử</subfield>
  </datafield>
  <datafield tag="520" ind1="#" ind2="#">
   <subfield code="a">Chương 3:Các đơn chất </subfield>
  </datafield>
  <datafield tag="520" ind1="#" ind2="#">
   <subfield code="a">Chưỡng 4:Các hợp chất vô cơ</subfield>
  </datafield>
  <datafield tag="520" ind1="#" ind2="#">
   <subfield code="a">Chương 5:Các hợp chất hữu cơ</subfield>
  </datafield>
  <datafield tag="520" ind1="#" ind2="#">
   <subfield code="a">Chương 6:Các phản ứng hóa học</subfield>
  </datafield>
  <datafield tag="520" ind1="#" ind2="#">
   <subfield code="a">Chương 7:Dung dịch và các hiện tượng điện hóa </subfield>
  </datafield>
  <datafield tag="520" ind1="#" ind2="#">
   <subfield code="a">Chương 8:Hóa học của sự sống</subfield>
  </datafield>
  <datafield tag="520" ind1="#" ind2="#">
   <subfield code="a">Chương 9:Hóa học và tương lai của loài người</subfield>
  </datafield>
  <datafield tag="650" ind1="#" ind2="4">
   <subfield code="a">Hóa học</subfield>
  </datafield>
  <datafield tag="650" ind1="#" ind2="4">
   <subfield code="a">Nguyên tử</subfield>
  </datafield>
  <datafield tag="650" ind1="#" ind2="4">
   <subfield code="a">Hợp chất hữu cơ</subfield>
  </datafield>
 </record>
</collection>
